000 00334nam a22001457a 4500
008 210527b ||||| |||| 00| 0 eng d
020 _a2900669354460
041 _aeng
080 _25th
_a159.9
082 _a159.9
100 _a48
101 _aPSI
245 _aTheories and Systems of Psychology
_cLundin,R.W
942 _2udc
_cBK
999 _c57676
_d57676